<?xml version="1.0" encoding="UTF-8"?>
<collection xmlns="http://www.loc.gov/MARC21/slim">
 <record>
  <leader>02160aam a22003018a 4500</leader>
  <controlfield tag="001">NCT_18234</controlfield>
  <controlfield tag="008">150605s2015                  ||||||viesd</controlfield>
  <datafield tag="999" ind1=" " ind2=" ">
   <subfield code="c">864</subfield>
   <subfield code="d">864</subfield>
  </datafield>
  <datafield tag="020" ind1=" " ind2=" ">
   <subfield code="c">106000</subfield>
   <subfield code="a">978604820561</subfield>
  </datafield>
  <datafield tag="082" ind1="0" ind2="4">
   <subfield code="2">23rd ed.</subfield>
   <subfield code="a">628.4075</subfield>
   <subfield code="b">Ph557</subfield>
  </datafield>
  <datafield tag="100" ind1="1" ind2=" ">
   <subfield code="a">Nguyễn Văn Phước</subfield>
  </datafield>
  <datafield tag="245" ind1="1" ind2="0">
   <subfield code="a">Giáo trình xử lý nước thải sinh hoạt và công nghiệp bằng phương pháp sinh học</subfield>
   <subfield code="c">Nguyễn Văn Phước</subfield>
  </datafield>
  <datafield tag="250" ind1=" " ind2=" ">
   <subfield code="a">Tái bản</subfield>
  </datafield>
  <datafield tag="260" ind1=" " ind2=" ">
   <subfield code="a">H.</subfield>
   <subfield code="b">Xây dựng</subfield>
   <subfield code="c">2015</subfield>
  </datafield>
  <datafield tag="300" ind1=" " ind2=" ">
   <subfield code="a">297 tr.</subfield>
   <subfield code="b">minh họa</subfield>
   <subfield code="c">27cm</subfield>
  </datafield>
  <datafield tag="653" ind1=" " ind2=" ">
   <subfield code="a">Kỹ thuật môi trường</subfield>
  </datafield>
  <datafield tag="653" ind1=" " ind2=" ">
   <subfield code="a">Quản lý tài nguyên &amp; Môi trường</subfield>
  </datafield>
  <datafield tag="942" ind1=" " ind2=" ">
   <subfield code="2">ddc</subfield>
   <subfield code="c">BK</subfield>
  </datafield>
  <datafield tag="952" ind1=" " ind2=" ">
   <subfield code="0">0</subfield>
   <subfield code="1">0</subfield>
   <subfield code="2">ddc</subfield>
   <subfield code="4">0</subfield>
   <subfield code="6">628_407500000000000_PH557</subfield>
   <subfield code="7">0</subfield>
   <subfield code="9">5368</subfield>
   <subfield code="a">000001</subfield>
   <subfield code="b">000001</subfield>
   <subfield code="d">2017-12-04</subfield>
   <subfield code="o">628.4075 Ph557</subfield>
   <subfield code="p">MD.04572</subfield>
   <subfield code="r">2017-12-04</subfield>
   <subfield code="v">106000.00</subfield>
   <subfield code="w">2017-12-04</subfield>
   <subfield code="y">BK</subfield>
  </datafield>
  <datafield tag="952" ind1=" " ind2=" ">
   <subfield code="0">0</subfield>
   <subfield code="1">0</subfield>
   <subfield code="2">ddc</subfield>
   <subfield code="4">0</subfield>
   <subfield code="6">628_407500000000000_PH557</subfield>
   <subfield code="7">0</subfield>
   <subfield code="9">5369</subfield>
   <subfield code="a">000001</subfield>
   <subfield code="b">000001</subfield>
   <subfield code="d">2017-12-04</subfield>
   <subfield code="o">628.4075 Ph557</subfield>
   <subfield code="p">MD.04573</subfield>
   <subfield code="r">2017-12-04</subfield>
   <subfield code="v">106000.00</subfield>
   <subfield code="w">2017-12-04</subfield>
   <subfield code="y">BK</subfield>
  </datafield>
  <datafield tag="952" ind1=" " ind2=" ">
   <subfield code="0">0</subfield>
   <subfield code="1">0</subfield>
   <subfield code="2">ddc</subfield>
   <subfield code="4">0</subfield>
   <subfield code="6">628_407500000000000_PH557</subfield>
   <subfield code="7">0</subfield>
   <subfield code="9">5370</subfield>
   <subfield code="a">000001</subfield>
   <subfield code="b">000001</subfield>
   <subfield code="d">2017-12-04</subfield>
   <subfield code="o">628.4075 Ph557</subfield>
   <subfield code="p">MD.04574</subfield>
   <subfield code="r">2017-12-04</subfield>
   <subfield code="v">106000.00</subfield>
   <subfield code="w">2017-12-04</subfield>
   <subfield code="y">BK</subfield>
  </datafield>
  <datafield tag="952" ind1=" " ind2=" ">
   <subfield code="0">0</subfield>
   <subfield code="1">0</subfield>
   <subfield code="2">ddc</subfield>
   <subfield code="4">0</subfield>
   <subfield code="6">628_407500000000000_PH557</subfield>
   <subfield code="7">0</subfield>
   <subfield code="9">5371</subfield>
   <subfield code="a">000001</subfield>
   <subfield code="b">000001</subfield>
   <subfield code="d">2017-12-04</subfield>
   <subfield code="o">628.4075 Ph557</subfield>
   <subfield code="p">MD.04575</subfield>
   <subfield code="r">2017-12-04</subfield>
   <subfield code="v">106000.00</subfield>
   <subfield code="w">2017-12-04</subfield>
   <subfield code="y">BK</subfield>
  </datafield>
  <datafield tag="952" ind1=" " ind2=" ">
   <subfield code="0">0</subfield>
   <subfield code="1">0</subfield>
   <subfield code="2">ddc</subfield>
   <subfield code="4">0</subfield>
   <subfield code="6">628_407500000000000_PH557</subfield>
   <subfield code="7">0</subfield>
   <subfield code="9">5372</subfield>
   <subfield code="a">000001</subfield>
   <subfield code="b">000001</subfield>
   <subfield code="d">2017-12-04</subfield>
   <subfield code="o">628.4075 Ph557</subfield>
   <subfield code="p">MD.04576</subfield>
   <subfield code="r">2017-12-04</subfield>
   <subfield code="v">106000.00</subfield>
   <subfield code="w">2017-12-04</subfield>
   <subfield code="y">BK</subfield>
  </datafield>
  <datafield tag="952" ind1=" " ind2=" ">
   <subfield code="0">0</subfield>
   <subfield code="1">0</subfield>
   <subfield code="2">ddc</subfield>
   <subfield code="4">0</subfield>
   <subfield code="6">628_407500000000000_PH557</subfield>
   <subfield code="7">0</subfield>
   <subfield code="9">5373</subfield>
   <subfield code="a">000001</subfield>
   <subfield code="b">000001</subfield>
   <subfield code="d">2017-12-04</subfield>
   <subfield code="o">628.4075 Ph557</subfield>
   <subfield code="p">MD.04577</subfield>
   <subfield code="r">2017-12-04</subfield>
   <subfield code="v">106000.00</subfield>
   <subfield code="w">2017-12-04</subfield>
   <subfield code="y">BK</subfield>
  </datafield>
  <datafield tag="952" ind1=" " ind2=" ">
   <subfield code="0">0</subfield>
   <subfield code="1">0</subfield>
   <subfield code="2">ddc</subfield>
   <subfield code="4">0</subfield>
   <subfield code="6">628_407500000000000_PH557</subfield>
   <subfield code="7">0</subfield>
   <subfield code="9">5374</subfield>
   <subfield code="a">000001</subfield>
   <subfield code="b">000001</subfield>
   <subfield code="d">2017-12-04</subfield>
   <subfield code="o">628.4075 Ph557</subfield>
   <subfield code="p">MD.04578</subfield>
   <subfield code="r">2017-12-04</subfield>
   <subfield code="v">106000.00</subfield>
   <subfield code="w">2017-12-04</subfield>
   <subfield code="y">BK</subfield>
  </datafield>
  <datafield tag="952" ind1=" " ind2=" ">
   <subfield code="0">0</subfield>
   <subfield code="1">0</subfield>
   <subfield code="2">ddc</subfield>
   <subfield code="4">0</subfield>
   <subfield code="6">628_407500000000000_PH557</subfield>
   <subfield code="7">0</subfield>
   <subfield code="9">5375</subfield>
   <subfield code="a">000001</subfield>
   <subfield code="b">000001</subfield>
   <subfield code="d">2017-12-04</subfield>
   <subfield code="o">628.4075 Ph557</subfield>
   <subfield code="p">MD.04579</subfield>
   <subfield code="r">2017-12-04</subfield>
   <subfield code="v">106000.00</subfield>
   <subfield code="w">2017-12-04</subfield>
   <subfield code="y">BK</subfield>
  </datafield>
  <datafield tag="952" ind1=" " ind2=" ">
   <subfield code="0">0</subfield>
   <subfield code="1">0</subfield>
   <subfield code="2">ddc</subfield>
   <subfield code="4">0</subfield>
   <subfield code="6">628_407500000000000_PH557</subfield>
   <subfield code="7">0</subfield>
   <subfield code="9">5376</subfield>
   <subfield code="a">000001</subfield>
   <subfield code="b">000001</subfield>
   <subfield code="d">2017-12-04</subfield>
   <subfield code="o">628.4075 Ph557</subfield>
   <subfield code="p">MD.04580</subfield>
   <subfield code="r">2017-12-04</subfield>
   <subfield code="v">106000.00</subfield>
   <subfield code="w">2017-12-04</subfield>
   <subfield code="y">BK</subfield>
  </datafield>
  <datafield tag="980" ind1=" " ind2=" ">
   <subfield code="a">Thư viện Trường Đại học Nam Cần Thơ</subfield>
  </datafield>
 </record>
</collection>
